El reto de formar nuevos bibliotecarios (Record no. 76288)

MARC details
000 -CABECERA
campo de control de longitud fija 00592nam a2200205 a 4500
005 - FECHA Y HORA DE LA ÚLTIMA TRANSACCIÓN
campo de control 20210219153418.0
008 - ELEMENTOS DE LONGITUD FIJA--INFORMACIÓN GENERAL
campo de control de longitud fija 991125n 000 0 spa u
035 ## - NÚMERO DE CONTROL DEL SISTEMA
Número de control de sistema UPN01000097701
100 ## - ASIENTO PRINCIPAL--NOMBRE PERSONAL
Nombre de persona GOMEZ, José Antonio
222 ## - TÍTULO CLAVE
Título clave EDUCACION Y BIBLIOTECA :
Información calificativa REVISTA MENSUAL DE DOCUMENTACION Y RECURSOS DIDACTICOS
245 ## - MENCIÓN DE TÍTULO
Título El reto de formar nuevos bibliotecarios
260 ## - PUBLICACIÓN, DISTRIBUCIÓN, ETC.
Lugar de publicación, distribución, etc. Madrid, España
300 ## - DESCRIPCIÓN FÍSICA
Extensión 52-53
362 ## - FECHAS DE PUBLICACIÓN Y/O DESIGNACIÓN SECUENCIAL
Fecha de publicación y/o designación secuencial 1994 no. 50, oct.
653 0# - TERMINO DE INDIZACION - NO CONTROLADO
Término no controlado BIBLIOTECOLOGOS
653 0# - TERMINO DE INDIZACION - NO CONTROLADO
Término no controlado ESPAÑA
653 0# - TERMINO DE INDIZACION - NO CONTROLADO
Término no controlado FORMACION PROFESIONAL
904 ## - ELEMENTOS DE DATOS D LOCAL, LDD (RLIN)
a AC
b 035512
905 ## - TIPO DE MATERIAL
Tipo de material Articulo

No items available.